Visualizzazione normale
Vista MARC
- Martelli Augusto
di Personal Name
Records bibliografici associati: 1
001 - CONTROL NUMBER
- control field: 7772
003 - CONTROL NUMBER IDENTIFIER
- control field: IT-RoPau
005 - DATE AND TIME OF LATEST TRANSACTION
- control field: 20140106155612.0
008 - FIXED-LENGTH DATA ELEMENTS
- fixed length control field: 140106|| aca||aabn | a|a d
040 ## - CATALOGING SOURCE
- Original cataloging agency: IT-RoPau
- Transcribing agency: IT-RoPau
100 ## - HEADING--PERSONAL NAME
- Personal name: Martelli Augusto
- Dates associated with a name: Codice autore musica SPICS: 11006
- Relator term: Autore musica
- Name of part/section of a work: Djamballà
670 ## - SOURCE DATA FOUND
- Source citation: Work cat.: (IT-RoPau)102774: AA.VV. 794, Mirage (Lp Vpas 898)